Panorama Geral da Reforma Trabalhista Aspectos de Direito Processual / Volume II

Bibliographic Details
Main Author: Pinheiro Castelo, Jorge
Format: eBook
Language:Portuguese
Published: San Pablo: LTR, 2018
Subjects:
Online Access:Acceso restringido

MARC

LEADER 00000nam a22000007a 4500
005 20181223133843.0
007 cr|||| ||||
008 181223s2018 br |||||s|||| 00||0 por d
020 |a 978-85-361-9738-8 
035 |a 22635 
040 |a vLex 
090 |c 8378  |d 8378 
100 1 |a Pinheiro Castelo, Jorge 
245 1 0 |a Panorama Geral da Reforma Trabalhista  |h [Recurso electrn̤ico] :  |b Aspectos de Direito Processual /  |c Jorge Pinheiro Castelo  |n Volume II 
256 |a Servicio en ln̕ea 
260 |a San Pablo:  |b LTR,  |c 2018 
300 |a 1 recurso electrn̤ico 
500 |a O presente estudo sobre a lei n. 13.467/2017, e no pero̕do de 14.11.2017 a 23.04.2018 da Medida Provisr̤ia n. 808/2017 e, ainda, com a refern̊cia ao novo Regimento Interno do Tribunal Superior do Trabalho (aprovado no dia 20.11.2017), bem como com refern̊cia ̉Instruȯ̂ Normativa da Reforma elaborada pela Comissô do TST, foi desenvolvido numa perspectiva panorḿica sobre a denominada Reforma Trabalhista e adotando como mťodo a distinȯ̂ dos dois planos do ordenamento jurd̕ico, ou seja, o direito material e o direito processual do trabalho, por isso, a obra ̌apresentada em dois volumes. O primeiro volume ̌dedicado ao direito material e o segundo volume ao direito processual. 
506 1 |a Disponible solo en los productos indicados  |d vLex Global  |d vLex Global (Academic Edition, excluding Law Schools)  |d vLex Global (U.S. Academic Edition, Law Schools)  |d vLex Global (U.S. Academic Edition, excluding Law Schools)  |d vLex Global (Academic Edition, Law Schools) 
650 0 4 |a Derecho Laboral y Seguridad Social  |z Brasil 
650 0 4 |a Procedimiento Laboral  |z Brasil 
740 0 |a vLex Libros (Servicio en ln̕ea) 
856 4 0 |u http://vlex.com/source/panorama-geral-da-reforma-trabalhista-aspectos-de-direito-processual-volume-ii-22635  |z Acceso restringido 
942 |c BOOK 
999 0 |a Labor Law and Social Security 
999 0 |a Labor Procedure